Parts of the eye (Outside to inside) - Statistics

General Stats
  • This quiz has been taken 6 times
  • The average score is 7 of 13
Answer Stats
Hint Answer % Correct
. Eardrum
100%
. Cochlea
80%
. Incus/Anvil
80%
. Malleus/Hammer
80%
. Stapes/Stirrup
80%
. Auditory nerve
60%
. Auricle
40%
. Ear Canal
40%
. Eustachian tube
40%
. Earwax Glands
20%
. Sense of balance
20%
. Tympanic cavity
20%
. Membrane
0%
No matching quizzes found
Score Distribution
Percent of People with Each Score
Percentile by Number Answered
Your Score History
You have not taken this quiz